Pump selection and application. (Record no. 545891)

000 -LEADER
fixed length control field 00438cam a22001571 4500
082 ## - DEWEY DECIMAL CLASSIFICATION NUMBER
Classification number 621.6
Author Mark HIL
-- L-23, P-23
100 1# - MAIN ENTRY--PERSONAL NAME
Personal name Hicks, Tyler Gregory,
9 (RLIN) 41874
245 10 - TITLE STATEMENT
Title Pump selection and application.
250 ## - EDITION STATEMENT
Edition statement 1st ed.
260 ## - PUBLICATION, DISTRIBUTION, ETC.
Place of publication, distribution, etc. New York,
Name of publisher, distributor, etc. McGraw-Hill,
Date of publication, distribution, etc. 1957.
300 ## - PHYSICAL DESCRIPTION
Extent 422 p.
Other physical details illus.
Dimensions 24 cm.
526 ## - STUDY PROGRAM INFORMATION NOTE
Program name 0
Interest level 0
Reading level 0
Title point value 621_600000000000000_HIL
650 #0 - SUBJECT ADDED ENTRY--TOPICAL TERM
Topical term or geographic name entry element MCE
9 (RLIN) 379
650 #0 - SUBJECT ADDED ENTRY--TOPICAL TERM
Topical term or geographic name entry element Pumping machinery.
9 (RLIN) 3452
942 ## - ADDED ENTRY ELEMENTS (KOHA)
Source of classification or shelving scheme
Koha item type Book
Holdings
Withdrawn status Lost status Source of classification or shelving scheme Damaged status Not for loan Permanent Location Current Location Date acquired Total Checkouts Full call number Barcode Date last seen Price effective from Koha item type
          Military College of Engineering (MCE) Military College of Engineering (MCE) 05/29/2014   621.6 HIL MCE-2438 05/29/2014 05/29/2014 Book
© 2023 Central Library, National University of Sciences and Technology. All Rights Reserved.